Loading...
| Fine Arts - Classical Music | 2 | 10.00 | 2,450% | 0% | 450% |
| Fine Arts - Other | 3 | 6.67 | 133% | 0% | 267% |
| Fine Arts - Painting & Sculpture | 3 | 6.67 | 3,333% | 0% | 0% |
| History - American | 2 | 5.00 | 0% | 0% | 100% |
| History - European | 4 | 10.00 | 2,825% | 150% | 200% |
| History - Other | 4 | 10.00 | 900% | 200% | 400% |
| History - World | 5 | 6.00 | 0% | 160% | 200% |
| Literature - American | 4 | 7.50 | 2,125% | 0% | 225% |
| Literature - British | 3 | 13.33 | 4,833% | 0% | 500% |
| Literature - European | 4 | 7.50 | 1,600% | 0% | 350% |
| Literature - World | 3 | 13.33 | 5,900% | 0% | 267% |
| Mythology | 2 | 10.00 | 3,200% | 0% | 350% |
| Other | 4 | 12.50 | 0% | 200% | 725% |
| Philosophy | 1 | 10.00 | 0% | 0% | 600% |
| Religion | 2 | 10.00 | 0% | 500% | 0% |
| Science - Biology | 3 | 6.67 | 1,633% | 200% | 0% |
| Science - Chemistry | 3 | 10.00 | 3,767% | 0% | 67% |
| Science - Other | 2 | 10.00 | 0% | 750% | 0% |
| Science - Physics | 3 | 10.00 | 4,967% | 0% | 0% |
| Social Science | 5 | 14.00 | 2,260% | 640% | 160% |